000 01599nam0a2200361 4500
001 RU\NLR\bibl\847487
005 20260405185807.0
010 _a5-352-01224-7
_93000
021 _aRU
_b2005-21227
_91085
035 _a(NLR Aleph) 000836255
090 _a1392088
_c1392088
100 _a20051003d2005 |||y0rusy50 ca
101 1 _arus
_aeng
_ceng
102 _aRU
105 _aa |||||||||
200 1 _aДом жизни
_dA house of life
_eпоэзия
_e[пер. с англ.]
_fДанте Габриэль Россетти
210 _aСанкт-Петербург
_cАзбука-классика
_d2005
215 _a557, [1] с., [16] л. ил., цв. ил.
_d17
300 _aАвт. также на англ. яз.: Dante Gabriel Rossetti
300 _aТекст парал. на рус. и англ. яз.
309 _aВложено с др. кн. в футляр
320 _aБиблиогр. в подстроч. прим.
327 1 _aСодерж.: сонеты: циклы: Юность и Перемена; Перемена и Судьба; Сонеты. Стихотворения и баллады; Рука и душа: новелла
510 1 _6z55790
_aA house of life
_zeng
686 _aШ6(4Вл)57-5я44{Лх1296.2-175}
700 1 _4070
_8rus
_7ca
_aРоссетти
_bД. Г.
_f1828-1882
_gДанте Габриэль
_3RU\NLR\auth\7782043
_964971
790 1 _6z55510
_aRossetti
_bD. G.
_f1828-1882
_gDante Gabriel
_4070
801 0 _aRU
_bNLR
_c20051003
_gPSBO
801 1 _aRU
_bNLR
_c20051003
942 _cBOOK
980 _aNB